Women and law : (Record no. 4661)
[ view plain ]
| 000 -LEADER | |
|---|---|
| fixed length control field | 00990nam a22002652 4500 |
| 001 - CONTROL NUMBER | |
| control field | 0000025253 |
| 005 - DATE AND TIME OF LATEST TRANSACTION | |
| control field | 20151217145955.0 |
| 008 - FIXED-LENGTH DATA ELEMENTS--GENERAL INFORMATION | |
| fixed length control field | 150330s xx 000 0 eng d |
| 020 ## - INTERNATIONAL STANDARD BOOK NUMBER | |
| International Standard Book Number | 9350280590 : |
| 040 ## - CATALOGING SOURCE | |
| Original cataloging agency | KABU |
| Transcribing agency | KABU |
| 100 1# - MAIN ENTRY--PERSONAL NAME | |
| Personal name | Parihar, Lalita Dhar. |
| -- | 0000185758 |
| 245 10 - TITLE STATEMENT | |
| Title | Women and law : |
| Remainder of title | from impoverishment to empowerment / |
| Statement of responsibility, etc. | by Lalita Dhar. |
| 250 ## - EDITION STATEMENT | |
| Edition statement | 1st ed. |
| 260 ## - PUBLICATION, DISTRIBUTION, ETC. (IMPRINT) | |
| Place of publication, distribution, etc. | Lucknow : |
| Name of publisher, distributor, etc. | Eastern Book Company, |
| Date of publication, distribution, etc. | 2011. |
| 300 ## - PHYSICAL DESCRIPTION | |
| Extent | xlvii, 485 p. |
| 650 #0 - SUBJECT ADDED ENTRY--TOPICAL TERM | |
| Topical term or geographic name as entry element | Women |
| General subdivision | Legal status, laws, etc. |
| Geographic subdivision | India. |
| -- | 0000185759 |
| 650 #0 - SUBJECT ADDED ENTRY--TOPICAL TERM | |
| Topical term or geographic name as entry element | Women |
| General subdivision | Crimes against |
| Geographic subdivision | India. |
| -- | 0000185760 |
| 852 1# - LOCATION | |
| -- | p4000 KES |
| 852 1# - LOCATION | |
| -- | p4000 KES |
| 852 1# - LOCATION | |
| -- | p4000 KES |
| 852 1# - LOCATION | |
| -- | p4000 KES |
| 852 1# - LOCATION | |
| -- | p4000 KES |
| 908 ## - PUT COMMAND PARAMETER (RLIN) | |
| Put command parameter | 150330 |
| 950 ## - LOCAL HOLDINGS (RLIN) | |
| -- | 1 |
| Withdrawn status | Lost status | Source of classification or shelving scheme | Not for loan | Home library | Current library | Date acquired | Total Checkouts | Full call number | Barcode | Date last seen | Date last checked out | Price effective from | Koha item type |
|---|---|---|---|---|---|---|---|---|---|---|---|---|---|
| Library of Congress Classification | Kabarak, Main Campus | Kabarak, Main Campus | 17/12/2015 | 5 | KNS516 .P37 2011 c. 1 | 016856 | 12/03/2026 | 27/02/2026 | 17/12/2015 | General Collection | |||
| Library of Congress Classification | Kabarak, Main Campus | Kabarak, Main Campus | 17/12/2015 | 1 | KNS516 .P37 2011 c. 2 | 018014 | 29/05/2017 | 23/02/2017 | 17/12/2015 | General Collection | |||
| Library of Congress Classification | Kabarak, Main Campus | Kabarak, Main Campus | 17/12/2015 | 2 | KNS516 .P37 2011 c. 3 | 018015 | 02/11/2017 | 18/10/2017 | 17/12/2015 | General Collection | |||
| Library of Congress Classification | Kabarak, Main Campus | Kabarak, Main Campus | 17/12/2015 | 6 | KNS516 .P37 2011 c. 4 | 018016 | 17/03/2026 | 24/02/2026 | 17/12/2015 | General Collection | |||
| Library of Congress Classification | Kabarak, Main Campus | Kabarak, Main Campus | 17/12/2015 | 2 | KNS516 .P37 2011 c. 5 | 018017 | 30/01/2025 | 12/01/2025 | 17/12/2015 | General Collection |